<?xml version="1.0" encoding="UTF-8"?>
<collection xmlns="http://www.loc.gov/MARC21/slim">
 <record>
  <leader>00725pamaa2200217   4500</leader>
  <controlfield tag="001">0000042382</controlfield>
  <controlfield tag="005">20130117090000.0</controlfield>
  <controlfield tag="008">070809                             eng  </controlfield>
  <datafield tag="020" ind1="0" ind2="0">
   <subfield code="a">0534570240 (pbk.) </subfield>
  </datafield>
  <datafield tag="090" ind1="0" ind2="0">
   <subfield code="a">P90 </subfield>
   <subfield code="b">MOR 2007</subfield>
  </datafield>
  <datafield tag="100" ind1="1" ind2="0">
   <subfield code="a">Morreale </subfield>
  </datafield>
  <datafield tag="245" ind1="1" ind2="0">
   <subfield code="a">Human communication : </subfield>
   <subfield code="b">motivation, knowledge and skills  </subfield>
   <subfield code="c">Sherwyn P. Morreale, Brian H. Spitzberg and J. Kevin Barge.</subfield>
  </datafield>
  <datafield tag="250" ind1="0" ind2="0">
   <subfield code="a">2nd ed..</subfield>
  </datafield>
  <datafield tag="260" ind1="0" ind2="0">
   <subfield code="a">Belmont, CA, USA: </subfield>
   <subfield code="b">Wadsworth, </subfield>
   <subfield code="c">2007.</subfield>
  </datafield>
  <datafield tag="300" ind1=" " ind2=" ">
   <subfield code="a">xxii, 490 p.: </subfield>
   <subfield code="b">ill. (some col.); </subfield>
   <subfield code="c">26 cm.</subfield>
  </datafield>
  <datafield tag="501" ind1="0" ind2="0">
   <subfield code="a">BA</subfield>
  </datafield>
  <datafield tag="504" ind1="0" ind2="0">
   <subfield code="a">Includes bibliographical references and index</subfield>
  </datafield>
  <datafield tag="650" ind1="0" ind2="0">
   <subfield code="a">Communication </subfield>
  </datafield>
  <datafield tag="700" ind1="1" ind2="1">
   <subfield code="a">Spitzberg, </subfield>
   <subfield code="h">Brian H. </subfield>
  </datafield>
  <datafield tag="700" ind1="1" ind2="1">
   <subfield code="a">Barge, </subfield>
   <subfield code="h">J. Kevin </subfield>
  </datafield>
  <datafield tag="901" ind1=" " ind2=" ">
   <subfield code="u">http://www.wadsworth.com</subfield>
  </datafield>
 </record>
</collection>
